000 00821nas a2200265Ia 4500
001 A09/R117-15242 [r000013537]
003 IT-MiCISF
008 161014c99999999xx |||||||||||| ||und||
040 _aIT-MiCISF
_cIT-MiCISF
041 _aITALIANO
100 _aLiggeri Paolo
210 _aRiflessi
222 _aRiflessi
245 0 _aIl ruolo del consulente matrimoniale e familiare
250 _a1a ed.
260 _c1976
501 _bCISF - Centro Internazionale Studi Famiglia - Via Giotto, 36 20145 MILANO (non commercial uses only)
_cCopyright 2016
300 _app. 17-27
362 _an. 1, gen.-mar. [1976]
500 _a Tema: consulenti, tecniche-di-consulenza, coppia
650 _aFAMIGLIA - consulenza familiare
_varticolo
700 _aAA.VV.
942 _cCR
957 _71
999 _a15242
_bSi
_g1
_c224946
_d224946